LEADER 02666nam a2200349 i 4500 001 991004334838107536 005 20241127132021.0 008 980120s1548 sz e 000 0 lat c 026 $etoum I.no e-l- tuco (3) 1548 (R)* 040 $aBibl. Interfacoltà T. Pellegrino$bita$cSocioculturale Scs 041 0 $alat 100 0 $aIsocrates$0186464 240 10$aOrationes$921012 245 10$aIsocratis orationes omnes, quæ quidem ad nostram aetatem peruenerunt vna et viginti numero, vna cum novem eiusdem epistolis, e Graeco in Latinum conuersae per Hieronymum VVolfium Oetingensem ... 246 13$aIsocratis Orationes omnes, quae quidem ad nostram aetatem pervenerunt, una et viginti numero, una cum novem eiusdem epistolis, è Graeco in Latinum conversae, per Hieronymum Wolfium 246 13$aCastigationes in isocratem, per Hieronymum Wolfium$gTitolo della parte 2. 260 $aBasileae:$bper Ioannem Oporinum,$c[1548]$e(Basileae :$fex officina Ioannis Oporini,$g1548 mense Augusto) 300 $a2 pt. ([2], 251, [13] p. ; 226 col., 227-281, [20] p.) ;$c2º 500 $aSegue sul frontespizio componimento in versi 500 $aData di pubblicazione del colophon 500 $aSegnatura: a² (-2a2) A-2G? 2H-2I? 2a-2y? 2z? 561 0 $aIl fondo Briganti-Stajano è stato annesso al patrimonio della Biblioteca Interfacoltà nel 1981. Le famiglie da cui il Fondo prende il nome sono l'aristocratica famiglia gallipolina dei Briganti (fine XVIII sec.) e la famiglia Stajano di Sannicola, alla quale il Fondo è pervenuto in eredità dopo la morte di Domenico Briganti, ultimo discendente (fine XIX sec.).Il fondo si compone di una sezione a stampa antica e moderna e di una sezione manoscritta. La sezione a stampa è costituita in buona parte dalla biblioteca dei due esponenti più noti dell?Illuminismo riformatore salentino, Tommaso Briganti (1691-1762) e il figlio Filippo (1726-1804), e riflette in pieno i loro interessi per le discipline storiche, giuridiche, economiche, religiose e filosofiche; sono presenti nella sezione, inoltre, libri, opuscoli, documenti e opere degli stessi Stajano.$5LE002 562 $a1 esemplare, mutilo delle carte 2D3, 2H3-6, 2z6$5LE002 700 1 $aWolf, Hieronymus$d<1516-1580> 700 3 $aBriganti-Stajano $d$epossessore precedente$5LE002 700 1 $aBriganti, Giuseppe$epossessore precedente$gNota ms. di possesso sul frontespizio$5LE002 710 2 $aOporinus, Johann 752 $aSvizzera$dBasilea 856 40$uhttps://books.google.it/books?vid=IBNR:CR000157505&redir_esc=y 912 $a991004334838107536 996 $aOrationes$921012 997 $aUNISALENTO